Too Like the Lightning (Record no. 97853)

MARC details
000 -LEADER
fixed length control field nam a22 7a 4500
005 - DATE AND TIME OF LATEST TRANSACTION
control field 20191017100317.0
008 - FIXED-LENGTH DATA ELEMENTS--GENERAL INFORMATION
fixed length control field 190204b ||||| |||| 00| 0 eng d
020 ## - INTERNATIONAL STANDARD BOOK NUMBER
International Standard Book Number 9781786699497
080 ## - UNIVERSAL DECIMAL CLASSIFICATION NUMBER
Universal Decimal Classification number F
Item number PAL/T
100 ## - MAIN ENTRY--PERSONAL NAME
Personal name Palmer, Ada
245 ## - TITLE STATEMENT
Title Too Like the Lightning
260 ## - PUBLICATION, DISTRIBUTION, ETC. (IMPRINT)
Place of publication, distribution, etc UK
Name of publisher, distributor, etc Head Zeus
Date of publication, distribution, etc 2017
300 ## - PHYSICAL DESCRIPTION
Extent 448p.
653 ## - INDEX TERM--UNCONTROLLED
Uncontrolled term Fiction - English Literature
942 ## - ADDED ENTRY ELEMENTS (KOHA)
item type Books
Holdings
Lost status Source of classification or shelving scheme Not for loan Home library Current library Shelving location Date acquired Total Checkouts Full call number Barcode Date last seen Price effective from Koha item type
  Universal Decimal Classification   University Library University Library Fiction 04/02/2019   F PAL/T 00084114 04/02/2019 04/02/2019 Books
University Library, CUSAT